00482cam a22000977a 4500008004000000082002000040245011800060260008700178500003800265700008100303180718b1973 xxu||||| |||| 00| 0 eng d aK5096x54 In2t/5 aTraining - a strategy for growthcby Training Division, Department of Personnel and Administrative Reforms, India aDelhibTraining Division, Department of Personnel and Administrative Reformsc1973 aContents: Library has vol 1 and 2 aIndia. Department of Personnel and Administrative Reforms. Training Division